000 00930nmc a2200337 a 4500
003 AR-BaBNM
005 20251128204103.0
008 265019s1988 ||||||||||||||000 | spa||
040 _cAR-BaBNM
100 1 _aCummings, Edward Estlin
_d1894-1962
245 1 0 _a49 poemas
246 1 _aCuarenta y nueve poemas
260 _aBuenos Aires
_bCentro Editor de América Latina
_c1988
300 0 _a31 p.
_bil.
490 0 _aLos grandes poetas
_vv. 29
600 1 4 _aLongfellow, H.W.
650 4 _aPOETAS
650 4 _aPOESIA CONTEMPORANEA
650 4 _aLITERATURA ESTADOUNIDENSE
650 4 _aPOESIAS
650 4 _aANALISIS LITERARIO
650 4 _aCRITICA LITERARIA
650 4 _aBIOGRAFIAS
653 0 _aPOESIA POLITICA
655 _aLITERATURA
700 1 _aPerednik, Jorge Santiago
_ecompilador
700 1 _aMiranda, Jorge
_eilustrador
800 1 _aLafforgue, Jorge
_edirector
942 _cBK
998 _cEthel
999 _c6117
_d6117